Missing Word: Toys of the '80s (A-Z) Quiz Stats

 Plays Quiz Updated Sep 24, 2020

Support Sporcle.
Go Orange.
Score 0/24 Timer 03:00
2 Plays Today
Toy Missing Word % Correct
Teenage Mutant _____ TurtlesNinja
96.2%
My ______ PonyLittle
95.9%
G.I. ___: A Real American HeroJoe
94.8%
Masters of the ________Universe
88.2%
Game ___Boy
86.3%
____ BearsCare
84%
______ CubeRubik's
82.4%
Scotland ____Yard
80.6%
Garbage Pail ____Kids
79.5%
_____ RuxpinTeddy
76.3%
Polly ______Pocket
76%
_____ 7800Atari
70.3%
Toy Missing Word % Correct
Nintendo _____________ SystemEntertainment
67.8%
___ WormGlo
66.8%
____ GenesisSega
66.6%
The _____ of the Philosopher's StoneQuest
61.2%
Micro ________Machines
45%
Take ___!Off
37%
Coleco______Vision
30.9%
Dizzy, Dizzy _____Dinosaur
23.1%
Spiral ____Zone
17.5%
Power ______Wheels
13.2%
Food ________Fighters
10.9%
___ StixHit
9.1%

Today's Daily Dose

You're not logged in!

Compare scores with friends on all Sporcle quizzes.
OR
Log In

From the Vault

SNL Celebrity Jeopardy Responses

by fm_

We'll take "Colors that End in 'Urple'" for $300 Alex...
Remove Ads.
Support Sporcle.
Get the best of Sporcle when you Go Orange. This ad-free experience offers more features, more stats, and more fun while also helping to support Sporcle. Thank you for becoming a member.

Show Comments

Extras

Top Quizzes Today


Score Distribution

Your Account Isn't Verified!

In order to create a playlist on Sporcle, you need to verify the email address you used during registration. Go to your Sporcle Settings to finish the process.

Report this User

Report this user for behavior that violates our Community Guidelines.

Details: